[Event "2nd Grand Slam Masters"]
[Site "Bilbao ESP"]
[Date "2009.09.07"]
[Round "2"]
[White "Grischuk, A."]
[Black "Shirov, A."]
[Result "1-0"]
[WhiteElo "2733"]
[BlackElo "2730"]
[PlyCount "103"]
[EventDate "2009.09.06"]

1. d4 d5 2. Nf3 Nf6 3. c4 c6 4. Nc3 e6 5. e3 Nbd7 6. Bd3 dxc4 7. Bxc4 b5 8. Bd3
Bb7 9. e4 b4 10. Na4 c5 11. e5 Nd5 12. O-O cxd4 13. Nxd4 Be7 14. Re1 O-O 15.
Qg4 Re8 16. Bb5 Kh8 17. Bd2 a6 18. Bc6 Qc7 19. Rac1 Nxe5 20. Bxb7 Nxg4 21. Rxc7
Nxc7 22. Bxa8 Rxa8 23. Nc6 Nd5 24. Nxe7 Nxe7 25. Bxb4 Nd5 26. Bd2 Rc8 27. Rc1
Rxc1+ 28. Bxc1 Ne5 29. Nc5 Nb4 30. b3 Nxa2 31. Bb2 Nc6 32. Nxa6 Kg8 33. Kf1 f6
34. Ke2 Nab4 35. Nxb4 Nxb4 36. Ke3 Kf7 37. Kd4 Nc2+ 38. Kc5 Ne1 39. Kc6 Nxg2
40. b4 Nf4 41. b5 Nd5 42. Kd6 Kg6 43. Bd4 Kg5 44. b6 Nxb6 45. Bxb6 e5 46. Ke6
e4 47. Kf7 f5 48. Kxg7 h5 49. Kf7 f4 50. Ke6 Kg4 51. Ke5 Kf3 52. h4 (52. h4 e3
53. fxe3 fxe3 54. Kf5 e2 55. Ba5 Kg3 56. Kg5) 1-0

[Event "2nd Grand Slam Masters"]
[Site "Bilbao ESP"]
[Date "2009.09.07"]
[Round "2"]
[White "Aronian, L."]
[Black "Karjakin, Sergey"]
[Result "1-0"]
[WhiteElo "2773"]
[BlackElo "2722"]
[PlyCount "59"]
[EventDate "2009.09.06"]

1. d4 Nf6 2. c4 e6 3. Nc3 Bb4 4. e3 O-O 5. Bd3 c5 6. Nf3 d5 7. O-O dxc4 8. Bxc4
Nbd7 9. Qe2 b6 10. Rd1 cxd4 11. exd4 Bb7 12. d5 Bxc3 13. dxe6 Bxf3 14. gxf3
fxe6 15. bxc3 Qc7 16. Ba3 Nc5 17. Rd4 Kh8 18. Re1 Rac8 19. Qe5 Qf7 20. Bc1 Nd5
(20... Qg6+ 21. Qg5 Qc2) 21. Bxd5 exd5 22. Qxd5 Qxf3 23. Qxf3 Rxf3 24. Re7 Rxc3
25. Be3 Ra3 26. Rg4 h5 27. Rg5 (27. Rgxg7 Rg8) 27... h4 (27... Rd8 28. Rxh5+
Kg8 29. Rg5 Kh8 30. Rgxg7 Rg8 31. Bd4 Rxg7+ 32. Rxg7 Rd3 33. Bb2 Rd2 34. Bc3
Rd3 35. Rg3+ Kh7 36. Rxd3 Nxd3) 28. Bd4 Kh7 29. Rgxg7+ (29. Rexg7+ Kh6 30. Rg4
Rh3 31. R7g6+ Kh7 32. R6g5 Kh6 33. Bg7+ Kh7 34. Bf8 Rg3+ 35. fxg3 Rc6 36. Rxh4+
Rh6 37. Rxh6#) 29... Kh6 30. Bb2 1-0